000 00720cam a2200205 4500
008 000000n2001 000 0 eng u
020 _a1900858711
035 _a(Sirsi) u118162
050 _a690.24
110 _aBuilding Maintenance Information
_93229
245 _aReview of rehabilitation costs.
260 _aLondon
_bBMI
_c2001
300 _a13p. ; 30cm.
490 _aBMI Special Report
_v307
520 _aThis item is part of a subscription service and cannot be photocopied. Neither can any part of it be read out over the phone. Please contact BMI direct on 020 7222 7000 for details.
650 _aCONVERSION COSTS
650 _aREHABILITATION COSTS
690 _aRefurbishment
_96264
942 _n0
999 _c102107
_d102107